Elementary Reinforced concrete design : for students of architecture, building, and engineering

Bibliographic Details
Main Author: Morgan, W
Format: Book
Published: London : Edward Arnold(Publishersr) Ltd , 1958
Subjects:

MARC

LEADER 00000cam a2200000 7i4500
001 0000008115
005 20160927.0
040 |a INS 
090 0 0 |a TH501   |b M67 1958 
100 1 |a Morgan, W 
245 1 0 |a Elementary Reinforced concrete design :   |b for students of architecture, building, and engineering   |c W.Morgan 
260 |a London :   |b Edward Arnold(Publishersr) Ltd ,   |c 1958 
300 |a 408p., ill. :   |b 23 cm 
650 0 |a Reinforced concrete   |x Data processing 
650 0 0 |a Reinforced concrete construction 
999 |a 0000022465   |b BOOK   |c Open Shelf   |e Default branch